000 02486cam a22002898i 4500
001 23661158
003 EG-ScBUE
005 20250514082514.0
008 240426s2023 enk f 000 1 eng d
020 _a9781399713795
040 _aDLC
_beng
_erda
_cDLC
_dEG-ScBUE
082 0 4 _a813.6
_222
_bSCO
100 1 _aScore, Lucy,
_eauthor.
245 1 0 _aThings we left behind /
_cLucy Score.
264 1 _aLondon :
_bHodder & Stoughton Ltd,
_c2023.
300 _a581, 12 pages ;
_c18 cm.
336 _atext
_btxt
_2rdacontent
337 _aunmediated
_bn
_2rdamedia
338 _avolume
_bnc
_2rdacarrier
490 0 _aKnockemout
520 _a"There was only one woman who could set me free. But I would rather set myself on fire than ask Sloane Walton for anything. Lucian Rollins is a lean, mean vengeance-seeking mogul. On a quest to erase his father's mark on the family name, he spends every waking minute pulling strings and building an indestructible empire. The more money and power he amasses, the safer he is from threats. Except when it comes to the feisty small-town librarian that keeps him up at night... Sloane Walton is a spitfire determined to carry on her father's quest for justice. She'll do that just as soon as she figures out exactly what the man she hates did to-or for-her family. Bonded by an old, dark secret from the past and the dislike they now share for each other, Sloane trusts Lucian about as far as she can throw his designer-suited body. When bickering accidentally turns to foreplay, these two find themselves not quite regretting their steamy one-night stand. Once those flames are fanned, it seems impossible to put them out again. But with Sloane ready to start a family and Lucian refusing to even consider the idea of marriage and kids, these enemies-to-lovers are stuck at an impasse. Broken men break women. It's what Lucian believes, what he's witnessed, and he's not going to take that chance with Sloane. He'd rather live a life of solitude than put her in danger. But he learns the hard way that leaving her means leaving her unprotected from other threats. It's the second time he's ruthlessly cut her out of his life. There's no way she's going to give him a third chance. He's just going to have to make one for himself"--
_cProvided by publisher.
650 7 _2BUEsh
_aEnglish fiction
_y21th century.
653 _cMay2025
_bHHUUEENN
655 _vReading book
906 _a7
_bcbc
_corignew
_d1
_eecip
_f20
_gy-gencatlg
942 _2ddc
_cBB
999 _c30981
_d30952